00459 a2200169 450000100060000002000180000604000220002410000180004624000190006424500140008330000080009736200090010565000350011494200070014995201160015699900170027259901 a9783440115701 cAnchieta - Pituba aMarx, André10aFeuermondlpor10aFeuermond a3760 a2008 4aLiteratura juvenil em alemão cBK 00104070a91.1b91.1d2023-11-21l0oLJ 028.543 M392d MAR FEUp11386/PITr2023-11-21 18:27:59w2023-11-21yBK c59901d59901